| 000 | 01222nam a2200217Ia 4500 | ||
|---|---|---|---|
| 003 | Ost | ||
| 005 | 20260416102355.0 | ||
| 008 | 260416s9999||||xx |||||||||||||| ||und|| | ||
| 040 | _cfsecg | ||
| 041 | _aara | ||
| 082 | _a658 | ||
| 100 |
_aتواتي، أميرة _eمؤلف |
||
| 245 | 0 |
_aإدارة الأعمال الدولية / _c أميرة تواتي |
|
| 260 |
_aالجزائر _bجامعة الجزائر3: كلية العلوم الإقتصادية، العلوم التجارية وعلوم التسيير _c2020 |
||
| 300 |
_a123 ورقة _bايضاحات _c30 سم |
||
| 504 | _aجداوال و أشكال بيانية مراجع ص.120 | ||
| 520 | _aمدخل لادارة الاعمال الدولية ، نظريات التجارة الخارجية ، بيئة الاعمال الدولية ، ميزان المدفوعات ، ادارة التسويق الدولي ، الاستثمار الاجنبي المباشر ، إدارة الموارد البشرية الدولية . | ||
| 653 | _aادارة الاعمال | ||
| 710 |
_aجامعة الجزائر3: كلية العلوم الإقتصادية، العلوم التجارية وعلوم التسيير _eناشر علمي |
||
| 942 | _cHANDOUT | ||
| 999 |
_c41167 _d41167 |
||